| 000 | 01688nam a2200289Ia 4500 | ||
|---|---|---|---|
| 999 |
_c51416 _d51416 |
||
| 001 | 18402 | ||
| 003 | GE_BSU | ||
| 005 | 20230606150830.0 | ||
| 008 | 181216s1999||||ge |||||||||||||| ||geo|| | ||
| 040 | _cGE_BSU | ||
| 041 | _ageo | ||
| 080 | _a005.95/96(075.8) ა-26 | ||
| 245 |
_aადამიანური რესურსის მენეჯმენტი / _c[პროექტის ავტ. და რედ.: ია კუტალაძე; მთარგმნ.: ელისაბედ ბურნაძე, თამარ გაგოშიძე, რუსუდან მეძმარიაშვილი და სხვ.]. |
||
| 264 |
_aთბილისი: _bშპს არადანი, _c1999. |
||
| 300 |
_a444 გვ.; _b22 სმ. |
||
| 504 | _aბიბლიოგრ.: გვ. 441-443. | ||
| 541 | _h12ლ. | ||
| 653 | _aადამიანური რესურსის მენეჯმენტი | ||
| 653 | _aკადრების მენეჯმენტი | ||
| 700 |
_aკუტალაძე, ია _eრედაქტორი _913573 |
||
| 700 |
_aკუტალაძე, ია _eპროექტის ავტორი, რედაქტორი _913573 |
||
| 700 |
_aბურნაძე, ელისაბედ _eმთარგმნელი _918515 |
||
| 700 |
_aგაგოშიძე, თამარ, _eმთარგმნელი _914597 |
||
| 700 |
_aმეძმარიაშვილი, რუსუდან _eმთარგმნელი. _918516 |
||
| 700 |
_aსუბელიანი, დავით _eმთარგმნელი _918517 |
||
| 942 |
_cBK _2udc |
||